[Event "Scarborough CC LH Summer U1700"]
[Site "Toronto"]
[Date "2010.06.03"]
[Round "5"]
[White "Vasantharajan, Seyon"]
[Black "Yie, Kevin Yi Xiao"]
[Result "0-1"]
[WhiteElo "858"]
[BlackElo "1332"]
[PlyCount "74"]
[EventDate "2010.04.29"]
[EventType "swiss"]
[EventRounds "8"]
[EventCountry "CAN"]
[SourceTitle "EXT 2022"]
[Source "ChessBase"]
[SourceDate "2021.10.06"]
[SourceVersion "1"]
[SourceVersionDate "2021.10.06"]
[SourceQuality "1"]

1. d4 Nf6 2. c4 c5 3. d5 b5 4. cxb5 a6 5. Qa4 Nxd5 6. e4 Nb6 7. Qc2 d6 8. Nc3 axb5 9. Bxb5+ Bd7 10. Nge2 Bxb5 11. Nxb5 Qd7 12. Nec3 g6 13. 0-0 Bg7 14. Nd5 Nxd5 15. a4 Nc7 16. Nxc7+ Qxc7 17. Be3 0-0 18. Qc1 Nd7 19. Ra2 Rfb8 20. Bd2 Qc6 21. Qc2 Rb7 22. b4 c4 23. b5 Qc7 24. Rb1 Rba7 25. b6 Nxb6 26. Be3 Rb7 27. a5 Nd7 28. Bb6 Nxb6 29. axb6 Qb8 30. Rxa8 Qxa8 31. Qxc4 Qb8 32. Qb4 Bf8 33. g3 e6 34. Qa5 Be7 35. Kg2 Bd8 36. Qa7 Rxa7 37. bxa7 Qxa7 0-1